000
00326nam a2200109Ia 4500
008
200302s9999 xx 000 0 und d
100
_a
The American Institute of Architects
245
_a
Architectural Graphic Standards for Residential Construction 2nd ed
260
_b
John- Wiley & Sons, Inc.,
260
_c
2010
300
_a
699
999
_c
3718
_d
3718